| LEADER | 00806nam a2200181 4500 | ||
|---|---|---|---|
| 082 | |a 807 |b NG527H | ||
| 100 | |a Nguyễn Hữu Quang | ||
| 245 | |a 100 bài làm văn mẫu lớp 9 |c Nguyễn Hữu Quang, nguyễn Lê Tuyết Mai |b Dùng cho học sinh lớp 9 và bồi dưỡng học sinh khá - giỏi | ||
| 260 | |a Đồng Nai |b Nxb Đồng Nai |c 1998 | ||
| 300 | |a 370 tr. |c 21 cm | ||
| 520 | |a v.v... | ||
| 653 | |a Văn học | ||
| 653 | |a làm văn | ||
| 653 | |a lớp 9 | ||
| 942 | |2 ddc |c STK0 | ||
| 999 | |c 9845 |d 9845 | ||
| 952 | |0 0 |1 0 |2 ddc |4 0 |6 807_000000000000000_NG527H |7 0 |8 800 |9 77564 |a qbu |b qbu |c D5 |d 2015-06-11 |g 22000 |o 807 NG527H |p 9373.c1 |r 0000-00-00 |w 2015-06-11 |y SH | ||
| 952 | |0 0 |1 0 |2 ddc |4 0 |6 807_000000000000000_NG527H |7 0 |8 800 |9 106162 |a qbu |b qbu |c D5 |d 2016-04-07 |g 22000 |o 807 NG527H |p 9373.c2 |r 0000-00-00 |w 2016-04-07 |y SH | ||